Valmiki's Ramayan / (Record no. 32807)

MARC details
000 -LEADER
fixed length control field 01094nam a22002657a 4500
005 - DATE AND TIME OF LATEST TRANSACTION
control field 20091214153337.0
008 - FIXED-LENGTH DATA ELEMENTS--GENERAL INFORMATION
fixed length control field 091214t xxu||||| |||| 00| 0 eng d
020 ## - INTERNATIONAL STANDARD BOOK NUMBER
International Standard Book Number 9788187967750 (vol.1)
Terms of availability 495.00
020 ## - INTERNATIONAL STANDARD BOOK NUMBER
International Standard Book Number 8187967757
Terms of availability 495.00
020 ## - INTERNATIONAL STANDARD BOOK NUMBER
International Standard Book Number 9788187967132 (vol.2)
Terms of availability 495.00
020 ## - INTERNATIONAL STANDARD BOOK NUMBER
International Standard Book Number 8187967137
Terms of availability 495.00
037 ## - SOURCE OF ACQUISITION
Source of stock number/acquisition Blueberry Books
040 ## - CATALOGING SOURCE
Original cataloging agency dpl
Language of cataloging English
245 ## - TITLE STATEMENT
Title Valmiki's Ramayan /
Statement of responsibility, etc retold by Sunita Pant Bansal; illustrated by Suddhasattwa Basu
260 ## - PUBLICATION, DISTRIBUTION, ETC. (IMPRINT)
Place of publication, distribution, etc New Delhi
Name of publisher, distributor, etc Smriti Books
Date of publication, distribution, etc 2008
270 ## - ADDRESS
Address G-1, Pusa Apartments, Sector-15, Rohini
City New Delhi
Postal code 110085
300 ## - PHYSICAL DESCRIPTION
Extent 2 vol. (159p.; 158p.)
Other physical details col. ill.
Dimensions 24cm(pbk)
500 ## - GENERAL NOTE
General note This book published in 2 vol.
700 ## - ADDED ENTRY--PERSONAL NAME
Personal name Bansal, Sunita Pant
700 ## - ADDED ENTRY--PERSONAL NAME
Personal name Basu, Suddhasattwa
942 ## - ADDED ENTRY ELEMENTS (KOHA)
Source of classification or shelving scheme Dewey Decimal Classification
Item type Children Books
Call number suffix VAL
Holdings
Withdrawn status Lost status Source of classification or shelving scheme Materials specified (bound volume or other part) Damaged status Not for loan Home library Current library Date acquired Cost, normal purchase price Total Checkouts Full call number Date last seen Cost, replacement price Koha item type Public note
    Dewey Decimal Classification v.1     Andrews Gunj Andrews Gunj 14/12/2009 495.00   VAL 14/12/2009 495.00 Children Books v.1
    Dewey Decimal Classification v.2     Andrews Gunj Andrews Gunj 14/12/2009 495.00   VAL 14/12/2009 495.00 Children Books v.2

© Delhi Public Library
Hit Counter
free hit counter